00602nam a2200169 a 450000500170000000800410001702000150005805000240007310000220009724501270011926000540024630000210030050000120032152100080033365000440034165000470038520140310183603.0120623s19uu xx 00 eng d a9718961445 aPN 1994b.D949 2010 aDurano, Joseph H. aImplementing rules and regulation of R.A. 9593 /botherwise known as the tourism act of 2009.csigned by Joseph H. Durano. aManila, Philippines :bAVB Printing Press,c2010. a178 p. :c23 cm. aRA 9593 aTOU aTourismxGovernment policyxPhilippines aTourismxLaw and legislationxPhilippines.